Countries With The Most Railroad Track Length - Statistics

General Stats
  • This quiz has been taken 1,353 times
    1,336 since last reset
  • The average score is 17 of 20
Answer Stats
Rank Railway Length Country % Correct
1 224,792 United States
99%
2 112,000 China
98%
3 86,000 Russia
98%
7 37,877 Germany
97%
17 17,732 United Kingdom
97%
5 46,552 Canada
96%
10 29,640 France
96%
4 65,808 India
96%
11 29,303 Brazil
94%
13 24,179 Italy
92%
19 15,947 Spain
92%
12 27,182 Japan
91%
18 17,166 Mexico
91%
6 38,445 Australia
87%
8 36,966 Argentina
86%
16 19,627 Poland
82%
14 22,300 Ukraine
80%
9 31,000 South Africa
71%
20 15,372 Kazakhstan
56%
15 22,298 Romania
49%
No matching quizzes found
Score Distribution
Percent of People with Each Score
Percentile by Number Answered
Your Score History
You have not taken this quiz since the last reset